| 000 | 02134cam a2200577 a 4500 | ||
|---|---|---|---|
| 001 | 21586 | ||
| 003 | VRT | ||
| 005 | 20260306125207.0 | ||
| 008 | 240509s1990 xo af jr 000 j slo | ||
| 015 | _aSNBA1990/10 | ||
| 020 | _a8006002975 | ||
| 035 | _aSNK000006284 | ||
| 035 | _aurn:nbn:sk:snk-amlgyg | ||
| 035 | _aurn:nbn:sk:snk-am00bp4a | ||
| 035 | _a3D27292A-A1FB-4BE2-9D7B-1B8441E824EF | ||
| 039 | 9 |
_a202405091459 _bVLOAD _c202402261535 _dVLOAD _c202310231031 _dmsnk160 _c202310231031 _dmsnk160 |
|
| 040 |
_aSNK _bslo _cSNK _eAACR2 |
||
| 041 | 0 | _aslo | |
| 044 |
_axo _cSK |
||
| 072 | 7 |
_a821.162.4-3 _xSlovenská próza _2konspekt |
|
| 072 | 7 |
_a821-93 _xLiteratúra pre deti a mládež (beletria) _2skonspekt |
|
| 080 |
_a82=025 _22011 |
||
| 080 |
_a821.162.4-34 _22001 |
||
| 080 |
_a821-34 _22011 |
||
| 080 |
_a821.214.58-34 _22001 |
||
| 080 |
_a(0.025.2) _22011 |
||
| 080 |
_a82-93-053.4/.5 _22011 |
||
| 100 | 1 |
_aBerky-Ľuborecký, Ján, _d1940-2004 _4aut |
|
| 245 | 1 | 0 |
_aTri ohnivé kone _cJán Berky, Ondrej Sliacky ; [cigánsku ľudovú rozprávku na námet Jána Berkyho napísal Jozef Sliacky ; ilustroval Ondrej Zimka] |
| 250 | _a1. vyd. | ||
| 260 |
_aBratislava _bMladé letá _c1990 |
||
| 300 |
_a[12] nečíslovaných strán _bfarebné ilustrácie _c32 cm |
||
| 490 | 1 | _aLeporelá | |
| 521 | _aPre najmenších | ||
| 650 | 0 | 7 |
_aliterárne adaptácie _2SNKPH |
| 655 | 7 |
_aslovenské ľudové rozprávky _2SNKPH |
|
| 655 | 7 |
_arómske rozprávky _2SNKPH |
|
| 655 | 7 |
_aleporelá _2SNKPH |
|
| 655 | 7 |
_aliteratúra pre deti _2SNKPH |
|
| 655 | 7 |
_ailustrované publikácie _2SNKPH |
|
| 700 | 1 |
_aZimka, Ondrej, _d1937- _4ill |
|
| 700 | 1 |
_aSliacky, Ondrej, _d1941- _4aut |
|
| 830 | 0 | _aLeporelá | |
| 942 |
_2ddc _cKLDE _n0 |
||
| 949 |
_617A0149727 _asnkSB 47580 D1 |
||
| 949 |
_63870A15133 _abinBIB 91/020 _bbin15133 |
||
| 949 |
_6273K0258279 _asvkpoC 24190 _bsvkpo372880 _oPV 488/91 _pMiesto uloženia dokumentu: ŠTUDOVŇA ROMISTIKY _s6719:20140922 |
||
| 949 |
_617A0873657 _asnkSB 47580 _bsnkKSP 545/91 _s6100:20160606 |
||
| 949 |
_63870A03633 _abinNKDK 90/06 _bbin3633 |
||
| 999 |
_c21586 _d21586 |
||